Ruder-und Hausordnung des deutschen Ruder-Vereins, Mexico. (Record no. 3700)

MARC details
000 -CABECERA
campo de control de longitud fija 00586nam a2200217 a 4500
001 - NÚMERO DE CONTROL
campo de control BRCA_3974
005 - FECHA Y HORA DE LA ÚLTIMA TRANSACCIÓN
campo de control 20190320204510.0
008 - DATOS DE LONGITUD FIJA--INFORMACIÓN GENERAL
campo de control de longitud fija 140110s1919----mx-#######---#000-0#ger-#
041 ## - CÓDIGO DE LENGUA
Código de lengua del texto/banda sonora o título independiente ger
044 ## - CÓDIGO DEL PAÍS DE LA ENTIDAD EDITORA/PRODUCTORA
Código MARC del país mx
050 #4 - SIGNATURA TOPOGRÁFICA DE LA BIBLIOTECA DEL CONGRESO
Número de clasificación GV793
Número de documento/Ítem .R83 1919
245 10 - MENCIÓN DE TÍTULO
Título Ruder-und Hausordnung des deutschen Ruder-Vereins, Mexico.
260 ## - PUBLICACIÓN, DISTRIBUCIÓN, ETC.
Lugar de publicación, distribución, etc. México
Nombre del editor, distribuidor, etc. Druck von Müller Hnos.
Fecha de publicación, distribución, etc. 1919
300 ## - DESCRIPCIÓN FÍSICA
Extensión 20 p.
Dimensiones 17 cm.
500 ## - NOTA GENERAL
Nota general CDE49
650 14 - PUNTO DE ACCESO ADICIONAL DE MATERIA--TÉRMINO DE MATERIA
Término de materia o nombre geográfico como elemento de entrada Remo (Deporte)
9 (RLIN) 10332
650 14 - PUNTO DE ACCESO ADICIONAL DE MATERIA--TÉRMINO DE MATERIA
Término de materia o nombre geográfico como elemento de entrada Botes y navegación en bote
9 (RLIN) 10333
650 14 - PUNTO DE ACCESO ADICIONAL DE MATERIA--TÉRMINO DE MATERIA
Término de materia o nombre geográfico como elemento de entrada Deportes acuáticos
9 (RLIN) 10334
902 ## - CATALOGADOR
Iniciales GFM
942 ## - ELEMENTOS DE PUNTO DE ACCESO ADICIONAL (KOHA)
Fuente del sistema de clasificación o colocación Library of Congress Classification
Tipo de ítem Koha Libros
Holdings
Estado de retiro Estado de pérdida Estado dañado No para préstamo Localización permanente Ubicación/localización actual Fecha de adquisición Número de inventario Total de préstamos Signatura topográfica completa Código de barras Fecha visto por última vez Precio válido a partir de Tipo de ítem Koha
El ejemplar forma parte de la colección y puede ser consultado según las políticas vigentes.       Biblioteca del Museo Franz Mayer (Rogerio Casas-Alatriste) Biblioteca del Museo Franz Mayer (Rogerio Casas-Alatriste) 14/01/2010 CDE49   GV793 .R83 1919 (CDE49) 3971 22/03/2019 22/03/2019 Libros